000 01215cad a22002415a 4500
001 E148912
008 091126s2009 xxkd f s 000 0 eng d
035 _a(Sirsi) u148912
041 0 _aeng
050 0 4 _a333.337 $2 18
110 2 _aKing Sturge
_93877
245 0 0 _aEuropean retail property
_blight at the end of the tunnel?
_h[electronic resource]
260 _a[S.l.]
_bKing Sturge
_c2009
490 0 _aKing Sturge European Retail Property
_v2010
520 _aSuggests that although the retail investment market may be showing signs of recovery, the occupier market is still weak. Reports that the balance of power has shifted from landlord to tenant, with rents falling as a result. Forecasts that the next three years will see a stalling of new retail development, with many schemes being postponed.
590 _aKA
650 2 4 _aKING STURGE EUROPEAN RETAIL PROPERTY
651 4 _aEurope
690 _aPROPERTY-COMMERCIAL PROPERTY-COMMERCIAL PROPERTY MARKET
690 _aPROPERTY-COMMERCIAL PROPERTY-RETAIL PROPERTY
856 4 0 _uhttps://www.kingsturge.co.uk/en-GB/research/~/media/Publication%20PDFs/ERP_2010.ashx
_zView the research report free of charge at www.kingsturge.co.uk
942 _n0
999 _c110281
_d110281